មូសនិងត្រីក្រឺម / (Record no. 4542)
[ view plain ]
| 000 -LEADER | |
|---|---|
| fixed length control field | 02831nam a22003257a 4500 |
| 001 - CONTROL NUMBER | |
| control field | 4542 |
| 003 - CONTROL NUMBER IDENTIFIER | |
| control field | FISKH |
| 005 - DATE AND TIME OF LATEST TRANSACTION | |
| control field | 20250827094146.0 |
| 008 - FIXED-LENGTH DATA ELEMENTS--GENERAL INFORMATION | |
| fixed length control field | 240913b cb ||||| |||| 00| 0 eng d |
| 020 ## - INTERNATIONAL STANDARD BOOK NUMBER | |
| International Standard Book Number | 9789996301575 |
| 040 ## - CATALOGING SOURCE | |
| Original cataloging agency | FISKH |
| Language of cataloging | Bilingual |
| Transcribing agency | FISKH |
| Modifying agency | FISKH |
| 050 ## - LIBRARY OF CONGRESS CALL NUMBER | |
| Classification number | PZ7 |
| 082 ## - DEWEY DECIMAL CLASSIFICATION NUMBER | |
| Classification number | 800 |
| 100 ## - MAIN ENTRY--PERSONAL NAME | |
| Personal name | Polin , Pen |
| Relator term | author |
| 245 ## - TITLE STATEMENT | |
| Title | មូសនិងត្រីក្រឺម / |
| Statement of responsibility, etc. | និពន្ធដោយលោក ប់ែន ប៉ូលីន : វិចិត្រកររូបភាពដោយ លោក ម៉ាយ យូ |
| 250 ## - EDITION STATEMENT | |
| Edition statement | ចេញផ្សាយខែ តុលា ឆ្នាំ២០១២ |
| 260 ## - PUBLICATION, DISTRIBUTION, ETC. | |
| Place of publication, distribution, etc. | ភ្នំពេញ : |
| Name of publisher, distributor, etc. | Reading Books ; |
| Date of publication, distribution, etc. | ២០១២ . |
| 300 ## - PHYSICAL DESCRIPTION | |
| Extent | 24 pages : |
| Other physical details | color illustrations ; |
| Dimensions | 26 cm . |
| 490 ## - SERIES STATEMENT | |
| Series statement | ពិភពរឿងនិទាន |
| 505 ## - FORMATTED CONTENTS NOTE | |
| Formatted contents note | K <br/> |
| 520 ## - SUMMARY, ETC. | |
| Summary, etc. | មូសនិងត្រីក្រឺមជាសម្លាញ់នឺងគ្នា ក្រោយមកពួកគេក៏បែកបាក់មិត្តភាពដោយសារការកាន់ជើងកូនរៀងៗខ្លួន ។ ដោយកំហឺង ត្រីក្រឺមក៏សុីកូនដង្កូវទឺក។ មូសក៏បានផ្លាស់ទីលំនៅមករស់នៅក្នុងពាងទឺកវិញ ។ មូសតែងតែខាំបឺតឈាមមនុស្សរហូតដល់មនុស្សឈីពេញភូមិ ។ ទេវតាពន្យល់សប្តិដល់បុរសអោយនាំប្រពន្ធកូនដើររកថ្នាំ ហើយក៏ដងបានត្រីក្រឺមមកចិញ្ចឺមក្នុងពាងទឺក ។ នៅទីបំផុតត្រីក្រឺមក៏បានជួបនឺងកូនដ្កូវទឺក ហើយវាក៏សុីដង្កូវទឺកនោះជាអាហាររាល់ៗថ្ងៃ ។ |
| 520 ## - SUMMARY, ETC. | |
| Summary, etc. | Mosquitoes and cream fish are friends and later they break up because of holding each other's feet. In a fit of rage, the cream fish ate the water worms. The mosquitoes moved back to live in the water jars. Mosquitoes always bite and suck human blood until the whole village.The angel explained the dream to the man to take his wife and children to find medicine and then took the cream fish to feed in a jar of water. Eventually, the cream fish met the water worms and ate the worms as food every day. |
| 521 8# - TARGET AUDIENCE NOTE | |
| Target audience note | 510 <br/> |
| Source | Lexile estimate <br/> |
| 521 8# - TARGET AUDIENCE NOTE | |
| Target audience note | K <br/> |
| Source | Raz-Plus <br/> |
| 650 ## - SUBJECT ADDED ENTRY--TOPICAL TERM | |
| Topical term or geographic name entry element | កូនដង្កូវទឺក |
| Form subdivision | រឿងប្រឌិត |
| 650 ## - SUBJECT ADDED ENTRY--TOPICAL TERM | |
| Topical term or geographic name entry element | water worm |
| Form subdivision | Fiction |
| 700 ## - ADDED ENTRY--PERSONAL NAME | |
| Personal name | U , Mai |
| Relator term | illustrator |
| 942 ## - ADDED ENTRY ELEMENTS (KOHA) | |
| Source of classification or shelving scheme | Dewey Decimal Classification |
| Koha item type | Books |
| Suppress in OPAC | No |
| Withdrawn status | Lost status | Source of classification or shelving scheme | Damaged status | Not for loan | Collection | Home library | Current library | Shelving location | Date acquired | Total Checkouts | Full call number | Barcode | Date last seen | Price effective from | Koha item type |
|---|---|---|---|---|---|---|---|---|---|---|---|---|---|---|---|
| Dewey Decimal Classification | Khmer Language Books / សៀវភៅភាសាខ្មែរ | Footprints International School Library Network Toul Tom Poung Campus | Footprints International School Library Network Toul Tom Poung Campus | TTP Primary Khmer Bookshelves | 09/13/2024 | POL PZ7 800 | FIS03898 | 05/26/2025 | 09/13/2024 | Books |
